Statistics for Rubik's Cube Types Word Scramble

Click here to take the quiz!

General Stats

  • This quiz has been taken 66 times
  • The average score is 3 of 10

Answer Stats

HintAnswer% Correct
yxiampnrpyraminx
84%
wsbkeskewb
80%
axemnmgimegaminx
60%
occklclock
42%
aeseuorqnsquare one
36%
earggear
9%
iceubvyivy cube
9%
iilwlmndwindmill
9%
inoddino
7%
edirredi
7%

Score Distribution

Percentile by Number Answered

Percent of People with Each Score

Your Score History

You have not taken this quiz